| 000 | 00372nam a2200145Ia 4500 | ||
|---|---|---|---|
| 008 | 240624s9999 xx 000 0 und d | ||
| 041 | _aeng | ||
| 082 | _a658.8 HOO | ||
| 100 | _aHOOLEY GRAHAM | ||
| 245 | _aMARKEITNG STRATEGY AND COMPETITIVE POSIT | ||
| 250 | _a(4th ed.) | ||
| 260 |
_c2011 _aNew Delhi _bPearson |
||
| 300 | _axviii, : 614 : p. : 24 : cm. | ||
| 365 | _cRS | ||
| 999 |
_c20854 _d20854 |
||